Państwa Ameryki południowej - Statystyki

Ogólne statystyki
  • Ten quiz został rozwiązany 31 razy
  • Średni wynik to 11 z 12
Odpowiedzi na mapie
Odpowiedzi zakodowano w zielono-czerwonej skali na mapie do tego quizu, zgodnie z poniższymi procentami.
 
Statystyki odpowiedzi
Odpowiedź % Poprawnych
Argentyna
100%
Brazylia
100%
Chile
100%
Kolumbia
94%
Urugwaj
94%
Wenezuela
94%
Ekwador
89%
Peru
89%
Boliwia
83%
Gujana
83%
Paragwaj
83%
Surinam
78%
Nie znaleziono quizów pasujących do podanych kryteriów
Rozkład punktacji
Procent ludzi z każdym wynikiem
Percentyl według liczby udzielonych odpowiedzi
Twoja historia wyników
Nie rozwiązałeś tego quizu